The analysis and use of financial statements / (Record no. 330)

000 -LEADER
fixed length control field 01063cam a2200301 a 4500
001 - CONTROL NUMBER
control field 13083448
003 - CONTROL NUMBER IDENTIFIER
control field OSt
005 - DATE AND TIME OF LATEST TRANSACTION
control field 20140116120824.0
008 - FIXED-LENGTH DATA ELEMENTS--GENERAL INFORMATION
fixed length control field 030205s2003 njua b 001 0 eng
010 ## - LIBRARY OF CONGRESS CONTROL NUMBER
LC control number 2003267020
020 ## - INTERNATIONAL STANDARD BOOK NUMBER
International Standard Book Number 9780471375944
040 ## - CATALOGING SOURCE
Original cataloging agency DLC
Transcribing agency DLC
Modifying agency DLC
050 00 - LIBRARY OF CONGRESS CALL NUMBER
Classification number HF5681.B2W45 2003
100 1# - MAIN ENTRY--PERSONAL NAME
Personal name White, Gerald I.
245 14 - TITLE STATEMENT
Title The analysis and use of financial statements /
Statement of responsibility, etc Gerald I. White, Ashwinpaul C. Sondhi, Dov Fried.
250 ## - EDITION STATEMENT
Edition statement 3rd ed.
260 ## - PUBLICATION, DISTRIBUTION, ETC. (IMPRINT)
Place of publication, distribution, etc Hoboken, N.J. :
Name of publisher, distributor, etc Wiley,
Date of publication, distribution, etc c2003.
300 ## - PHYSICAL DESCRIPTION
Extent xii, 767 p. :
Other physical details ill.
504 ## - BIBLIOGRAPHY, ETC. NOTE
Bibliography, etc Includes bibliographical references and index.
650 #0 - SUBJECT ADDED ENTRY--TOPICAL TERM
Topical term or geographic name as entry element Financial statements.
700 1# - ADDED ENTRY--PERSONAL NAME
Personal name Sondhi, Ashwinpaul C.
700 1# - ADDED ENTRY--PERSONAL NAME
Personal name Fried, Dov.
856 42 - ELECTRONIC LOCATION AND ACCESS
Materials specified Publisher description
Uniform Resource Identifier <a href="http://www.loc.gov/catdir/description/wiley036/2003267020.html">http://www.loc.gov/catdir/description/wiley036/2003267020.html</a>
856 41 - ELECTRONIC LOCATION AND ACCESS
Materials specified Table of contents
Uniform Resource Identifier <a href="http://www.loc.gov/catdir/toc/wiley032/2003267020.html">http://www.loc.gov/catdir/toc/wiley032/2003267020.html</a>
906 ## - LOCAL DATA ELEMENT F, LDF (RLIN)
a 7
b cbc
c origcop
d 2
e ncip
f 20
g y-gencatlg
942 ## - ADDED ENTRY ELEMENTS (KOHA)
Source of classification or shelving scheme
Koha item type Book
Holdings
Withdrawn status Lost status Source of classification or shelving scheme Damaged status Not for loan Home library Current library Date acquired Source of acquisition Total Checkouts Full call number Barcode Date last seen Date checked out Copy number Price effective from Koha item type
          Riara University Library Riara University Library 17/10/2011 Purchase 1 HF5681.B2W45 2003 1974/11 10/04/2013 19/02/2013 C.1 17/10/2011 Book
          Riara University Library Riara University Library 17/10/2011 Purchase   HF5681.B2W45 2003 1973/11 17/10/2011   C.2 17/10/2011 Book
          Riara University Library Riara University Library 17/10/2011 Purchase 1 HF5681.B2W45 2003 1975/11 30/06/2014 22/07/2013 C.3 17/10/2011 Book
          Riara University Library Riara University Library 17/10/2011 Purchase   HF5681.B2W45 2003 2550/11 17/10/2011   C.4 17/10/2011 Book
          Riara University Library Riara University Library 17/10/2011 Purchase   HF5681.B2W45 2003 2548/11 17/10/2011   C.5 17/10/2011 Book
          Riara University Library Riara University Library 17/10/2011 Purchase 1 HF5681.B2W45 2003 2549/11 28/06/2014 27/06/2014 C.6 17/10/2011 Book

Riara University Library,
P.O. Box 49940-00100,
Nairobi, Kenya.